[Event "Coventry International"]
[Site "Coventry"]
[Date "2025.10.30"]
[Round "8.28"]
[White "Lishoy Gengis Paratazham, Dildarav"]
[Black "Edwards, Rhys"]
[Result "1-0"]
[WhiteElo "2017"]
[BlackElo "1751"]
[PlyCount "89"]
[EventDate "2025.10.26"]
[EventType "swiss"]
[EventRounds "9"]
[EventCountry "ENG"]
[SourceTitle "BritBase"]
[Source "John Saunders"]
[SourceDate "2025.10.31"]
[SourceVersion "1"]
[SourceVersionDate "2025.10.31"]
[SourceQuality "1"]

1. Nf3 d5 2. g3 g6 3. Bg2 Bg7 4. d4 Nf6 5. O-O O-O 6. c4 c6 7. b3 a5 8. Nc3 Na6 9. Bb2 Ne4 10. e3 Bg4 11. h3 Nxc3 12. Bxc3 Bxf3 13. Qxf3 e6 14. Rfd1 f5 15. Rac1 Nc7 16. Qe2 Ne8 17. Be1 Nf6 18. a3 Ne4 19. f3 Nd6 20. a4 Re8 21. Rb1 Qc7 22. Bf2 Qf7 23. Rd2 Re7 24. Qd3 h6 25. Re1 Kh7 26. Rde2 Rd8 27. Qc2 Ra8 28. c5 Ne8 29. e4 Bf8 30. exd5 exd5 31. g4 f4 32. h4 Kg7 33. Qd2 Nc7 34. Bf1 Rxe2 35. Bxe2 Be7 36. Bd3 Bd8 37. Re2 Na6 38. Qe1 Nb4 39. Bb1 Kf6 40. g5+ hxg5 41. hxg5+ Kxg5 42. Bh4+ Kh6 43. Bxd8 Rxd8 44. Qh4+ Kg7 45. Qxd8 1-0

[Event "Coventry International"]
[Site "Coventry"]
[Date "2025.10.30"]
[Round "8.29"]
[White "Parikh, Naavya"]
[Black "Lazarus, Simon E"]
[Result "1-0"]
[WhiteElo "1846"]
[BlackElo "1910"]
[PlyCount "87"]
[EventDate "2025.10.26"]
[EventType "swiss"]
[EventRounds "9"]
[EventCountry "ENG"]
[SourceTitle "BritBase"]
[Source "John Saunders"]
[SourceDate "2025.10.31"]
[SourceVersion "1"]
[SourceVersionDate "2025.10.31"]
[SourceQuality "1"]

1. e4 g6 2. Nc3 Bg7 3. d4 c6 4. f4 d5 5. e5 f6 6. Nf3 Nh6 7. Be2 O-O 8. O-O Bg4 9. h3 Bxf3 10. Bxf3 Na6 11. Ne2 Nc7 12. g4 Nf7 13. h4 Qd7 14. Qe1 fxe5 15. dxe5 Bxe5 16. fxe5 Nxe5 17. Qg3 Nxf3+ 18. Rxf3 Rxf3 19. Qxf3 Rf8 20. Qg3 e5 21. Bh6 Rf7 22. Rf1 Rxf1+ 23. Kxf1 Qf7+ 24. Qf2 Na6 25. Qxf7+ Kxf7 26. a3 b5 27. Kf2 Ke6 28. Bf8 c5 29. Ke3 Kf7 30. Bh6 Ke6 31. Ng1 c4 32. Nf3 d4+ 33. Ke2 Kd5 34. Ng5 b4 35. Nxh7 c3 36. Bc1 cxb2 37. Bxb2 Ke4 38. Nf6+ Kf4 39. Bc1+ Kg3 40. h5 gxh5 41. gxh5 bxa3 42. Bxa3 Nc7 43. h6 Ne6 44. Nh5+ 1-0

[Event "Coventry International"]
[Site "Coventry"]
[Date "2025.10.30"]
[Round "8.30"]
[White "Dissanayake, Sathsara"]
[Black "Sieczkowski, Adam"]
[Result "0-1"]
[WhiteElo "1845"]
[BlackElo "1909"]
[PlyCount "68"]
[EventDate "2025.10.26"]
[EventType "swiss"]
[EventRounds "9"]
[EventCountry "ENG"]
[SourceTitle "BritBase"]
[Source "John Saunders"]
[SourceDate "2025.10.31"]
[SourceVersion "1"]
[SourceVersionDate "2025.10.31"]
[SourceQuality "1"]

1. e4 e6 2. d4 d5 3. Nd2 Nf6 4. e5 Nfd7 5. Bd3 c5 6. c3 Nc6 7. Ngf3 Be7 8. O-O Qb6 9. Rb1 cxd4 10. cxd4 Nxd4 11. Nxd4 Qxd4 12. Nf3 Qb6 13. b4 a5 14. Be3 Qd8 15. a3 O-O 16. Qc2 g6 17. h4 Bxh4 18. g3 Be7 19. Kg2 f5 20. exf6 Bxf6 21. Bxg6 Qe7 22. Bh5 axb4 23. axb4 Ra3 24. Rh1 Rc3 25. Qd2 Rc4 26. Rh3 b6 27. g4 Bb7 28. g5 Bg7 29. g6 hxg6 30. Bxg6 Rg4+ 31. Rg3 Rxg3+ 32. fxg3 d4 33. Bf4 Bxf3+ 34. Kxf3 Ne5+ 0-1

[Event "Coventry International"]
[Site "Coventry"]
[Date "2025.10.30"]
[Round "8.31"]
[White "Amir, Zain"]
[Black "Liu, Jacob"]
[Result "1-0"]
[WhiteElo "1690"]
[BlackElo "1902"]
[PlyCount "75"]
[EventDate "2025.10.26"]
[EventType "swiss"]
[EventRounds "9"]
[EventCountry "ENG"]
[SourceTitle "BritBase"]
[Source "John Saunders"]
[SourceDate "2025.10.31"]
[SourceVersion "1"]
[SourceVersionDate "2025.10.31"]
[SourceQuality "1"]

1. d4 d5 2. Bf4 Nf6 3. e3 c5 4. Nf3 Bf5 5. c3 e6 6. Bd3 Bg6 7. Ne5 Qb6 8. Qa4+ Nc6 9. Bb5 Rc8 10. Nxg6 hxg6 11. Bxc6+ bxc6 12. Qb3 c4 13. Qxb6 axb6 14. Nd2 Nd7 15. b3 Ba3 16. Rb1 b5 17. Kd1 Ke7 18. b4 Nb6 19. Kc2 Ra8 20. Bc7 Na4 21. Rbf1 Rhc8 22. Ba5 Rxa5 23. bxa5 Ra8 24. e4 Rxa5 25. f4 Bb2 26. Nb1 dxe4 27. g4 f5 28. gxf5 gxf5 29. Rfg1 Kf8 30. Rg6 c5 31. dxc5 Ba1 32. c6 Nb6 33. a3 Nd5 34. Rxe6 Nxf4 35. c7 Ra8 36. Rb6 Rc8 37. Rb8 Ke7 38. Rxc8 1-0

[Event "Coventry International"]
[Site "Coventry"]
[Date "2025.10.30"]
[Round "8.32"]
[White "Patel, Devan"]
[Black "Vaidyanathan, Sathya"]
[Result "1/2-1/2"]
[WhiteElo "1938"]
[BlackElo "1770"]
[PlyCount "122"]
[EventDate "2025.10.26"]
[EventType "swiss"]
[EventRounds "9"]
[EventCountry "ENG"]
[SourceTitle "BritBase"]
[Source "John Saunders"]
[SourceDate "2025.10.31"]
[SourceVersion "1"]
[SourceVersionDate "2025.10.31"]
[SourceQuality "1"]

1. d4 d5 2. Bf4 c5 3. e3 Nc6 4. Nc3 cxd4 5. exd4 a6 6. Nf3 Bf5 7. Ne5 Nxe5 8. Bxe5 e6 9. a3 f6 10. Bg3 Bd6 11. Bd3 Bxd3 12. Qxd3 Nh6 13. O-O O-O 14. Rfe1 Qd7 15. Bxd6 Qxd6 16. Ne2 Nf5 17. Ng3 Nxg3 18. hxg3 Rac8 19. Qb3 Qc6 20. c3 Rfe8 21. a4 Rc7 22. a5 Qc4 23. Qd1 Qb5 24. Qe2 Qxe2 25. Rxe2 Kf7 26. Ra4 Rc4 27. Ra3 Rec8 28. Rb3 R8c7 29. Rb6 R4c6 30. Rb4 Rc4 31. Rb6 R4c6 32. Rxc6 Rxc6 33. Kf1 Rc4 34. Rc2 Ke7 35. b4 e5 36. dxe5 fxe5 37. Ke2 Kd6 38. f3 d4 39. Kd3 Kd5 40. cxd4 Rxc2 41. Kxc2 Kxd4 42. Kb3 Ke3 43. Kc4 Kf2 44. Kd5 Kxg2 45. Kxe5 Kxf3 46. Kd6 Kxg3 47. Kc7 h5 48. Kxb7 h4 49. Kxa6 h3 50. b5 h2 51. b6 h1=Q 52. Ka7 Qc6 53. a6 Kf4 54. b7 Qc7 55. Ka8 Qc6 56. Ka7 Qc7 57. Ka8 Qc6 58. Ka7 Qc7 59. Ka8 Qb6 60. b8=Q+ Qxb8+ 61. Kxb8 g5 1/2-1/2

[Event "Coventry International"]
[Site "Coventry"]
[Date "2025.10.30"]
[Round "8.33"]
[White "Ranasinghe, Chaniru"]
[Black "Swiatkowski, Dominik"]
[Result "0-1"]
[WhiteElo "1805"]
[BlackElo "1891"]
[PlyCount "74"]
[EventDate "2025.10.26"]
[EventType "swiss"]
[EventRounds "9"]
[EventCountry "ENG"]
[SourceTitle "BritBase"]
[Source "John Saunders"]
[SourceDate "2025.10.31"]
[SourceVersion "1"]
[SourceVersionDate "2025.10.31"]
[SourceQuality "1"]

1. d4 Nf6 2. Bf4 d5 3. e3 c5 4. c3 Nc6 5. Nd2 Bf5 6. Ngf3 Qb6 7. dxc5 Qxb2 8. Nd4 Ne4 9. Rb1 Qxd2+ 10. Qxd2 Nxd2 11. Rxb7 Nxd4 12. cxd4 Nxf1 13. Ke2 Bc8 14. c6 g5 15. Bc7 Bg7 16. Rxf1 O-O 17. Rfb1 Bxb7 18. cxb7 Rab8 19. Kd3 f5 20. a4 Kf7 21. a5 a6 22. Rb6 e6 23. Kc3 Bf6 24. Kb4 Be7+ 25. Ka4 h5 26. Bxb8 Rxb8 27. Rxa6 Rxb7 28. Rb6 Rxb6 29. axb6 Bd6 30. Kb5 f4 31. exf4 gxf4 32. Kc6 Ke7 33. h3 f3 34. g4 hxg4 35. hxg4 Bf4 36. b7 Bb8 37. Kb6 e5 0-1

[Event "Coventry International"]
[Site "Coventry"]
[Date "2025.10.30"]
[Round "8.34"]
[White "Tso, Chi Wai"]
[Black "Swiatkowski, Aram"]
[Result "0-1"]
[WhiteElo "1817"]
[BlackElo "1860"]
[PlyCount "102"]
[EventDate "2025.10.26"]
[EventType "swiss"]
[EventRounds "9"]
[EventCountry "ENG"]
[SourceTitle "BritBase"]
[Source "John Saunders"]
[SourceDate "2025.10.31"]
[SourceVersion "1"]
[SourceVersionDate "2025.10.31"]
[SourceQuality "1"]

1. d4 Nf6 2. c4 e6 3. Nf3 d5 4. Nc3 Bb4 5. Bd2 O-O 6. e3 b6 7. cxd5 Nxd5 8. Nxd5 Bxd2+ 9. Qxd2 Qxd5 10. Rc1 Na6 11. Bc4 Qd6 12. Qd3 Nb4 13. Qe4 Nd5 14. Bxd5 exd5 15. Qc2 Ba6 16. Qa4 Qg6 17. Qxa6 Qxg2 18. Rg1 Qxf3 19. Rxc7 Rfe8 20. Qe2 Qf5 21. Qg4 Qb1+ 22. Ke2 Qxb2+ 23. Kf3 g6 24. Qd7 Rf8 25. Qxd5 Qa3 26. Kg2 Rac8 27. Rxc8 Rxc8 28. Qb3 Qe7 29. Qd3 Qg5+ 30. Kh1 Qd5+ 31. e4 Qxa2 32. Rf1 Qc4 33. Qxc4 Rxc4 34. Rd1 Kf8 35. h4 a5 36. Kg2 a4 37. Kf3 b5 38. Ke3 b4 39. d5 a3 40. d6 Ke8 41. Ra1 Kd7 42. e5 Rxh4 43. Rc1 a2 44. Rc7+ Kd8 45. Ra7 b3 46. Ra8+ Kd7 47. Ra7+ Ke6 48. Re7+ Kf5 49. d7 a1=Q 50. Rxf7+ Ke6 51. d8=N+ Kxe5 0-1

[Event "Coventry International"]
[Site "Coventry"]
[Date "2025.10.31"]
[Round "9.2"]
[White "Plat, Vojtech"]
[Black "Golubka, Petr"]
[Result "1-0"]
[WhiteElo "2456"]
[BlackElo "2385"]
[PlyCount "63"]
[EventDate "2025.10.26"]
[EventType "swiss"]
[EventRounds "9"]
[EventCountry "ENG"]
[SourceTitle "BritBase"]
[Source "John Saunders"]
[SourceDate "2025.10.31"]
[SourceVersion "1"]
[SourceVersionDate "2025.10.31"]
[SourceQuality "1"]

1. d4 Nf6 2. Nf3 e6 3. e3 b6 4. b3 Bb7 5. Bb2 Be7 6. Bd3 O-O 7. Nbd2 d5 8. c4 Nbd7 9. O-O a6 10. Qc2 h6 11. Rfd1 Re8 12. Rac1 Bd6 13. e4 dxe4 14. Nxe4 Bxe4 15. Bxe4 Nxe4 16. Qxe4 Nf6 17. Qe2 a5 18. Ne5 a4 19. Bc3 a3 20. Qf3 Qc8 21. Nc6 Nd7 22. b4 Ra4 23. Re1 Qa8 24. d5 e5 25. Bd2 Qc8 26. h3 Kf8 27. Qf5 Nf6 28. Qxc8 Rxc8 29. c5 bxc5 30. bxc5 Ne4 31. cxd6 Nxd2 32. d7 1-0

[Event "Coventry International"]
[Site "Coventry"]
[Date "2025.10.31"]
[Round "9.3"]
[White "Hebden, Mark L"]
[Black "Harikrishnan, A Ra"]
[Result "1-0"]
[WhiteElo "2355"]
[BlackElo "2534"]
[PlyCount "129"]
[EventDate "2025.10.26"]
[EventType "swiss"]
[EventRounds "9"]
[EventCountry "ENG"]
[SourceTitle "BritBase"]
[Source "John Saunders"]
[SourceDate "2025.10.31"]
[SourceVersion "1"]
[SourceVersionDate "2025.10.31"]
[SourceQuality "1"]

1. Nf3 d5 2. e3 Nf6 3. c4 c6 4. Nc3 a6 5. b3 Bf5 6. Bb2 e6 7. Be2 h6 8. O-O Nbd7 9. Rc1 Bd6 10. d3 Bh7 11. cxd5 exd5 12. e4 Bf4 13. Rc2 O-O 14. g3 Bb8 15. exd5 cxd5 16. Na4 Bd6 17. Bd4 Re8 18. Qd2 b5 19. Nc3 Rc8 20. Rd1 Bb4 21. Bf1 Re6 22. Qc1 Rec6 23. a3 Bxc3 24. Rxc3 Rxc3 25. Bxc3 Qc7 26. Bb2 Qxc1 27. Bxc1 Nc5 28. Nd4 Bxd3 29. Bh3 Re8 30. b4 Na4 31. Be3 Bc4 32. Kg2 Ne4 33. Nf5 Nac3 34. Re1 Ng5 35. Bg4 f6 36. Bh5 Re6 37. Nd4 Re7 38. Nf5 Re6 39. Nd4 Re7 40. Nf5 Re5 41. Bg6 Nf7 42. f4 Re6 43. Nd4 Re7 44. Nc6 Re8 45. h4 Nd1 46. Bd2 Rxe1 47. Bxe1 Nd6 48. Bf2 Nc3 49. Bc5 Nce4 50. Nb8 Nb7 51. Nxa6 Bd3 52. h5 Nexc5 53. bxc5 Be4+ 54. Kf2 f5 55. c6 Nd6 56. Ke3 Kf8 57. Kd4 Ke7 58. Nc7 Nc4 59. Nxb5 Nb6 60. Kc5 Na4+ 61. Kb4 Nb2 62. a4 Nd3+ 63. Kc3 Nc5 64. a5 Bg2 65. c7 1-0

[Event "Coventry International"]
[Site "Coventry"]
[Date "2025.10.31"]
[Round "9.4"]
[White "Wadsworth, Matthew J"]
[Black "Kanyamarala, Tarun"]
[Result "1/2-1/2"]
[WhiteElo "2487"]
[BlackElo "2376"]
[PlyCount "209"]
[EventDate "2025.10.26"]
[EventType "swiss"]
[EventRounds "9"]
[EventCountry "ENG"]
[SourceTitle "BritBase"]
[Source "John Saunders"]
[SourceDate "2025.10.31"]
[SourceVersion "1"]
[SourceVersionDate "2025.10.31"]
[SourceQuality "1"]

1. d4 Nf6 2. c4 e6 3. Nf3 Bb4+ 4. Bd2 Bxd2+ 5. Qxd2 d5 6. Nc3 O-O 7. e3 Qe7 8. cxd5 exd5 9. Bd3 Nbd7 10. O-O c6 11. Qc2 Re8 12. Rae1 Ne4 13. Nd2 Ndf6 14. f3 Nxd2 15. Qxd2 Be6 16. Qf2 Rad8 17. h3 c5 18. Ne2 Bd7 19. Ng3 Qd6 20. dxc5 Qxc5 21. Re2 Re7 22. Rd1 Rde8 23. Nf1 Ba4 24. b3 Bc6 25. Qh4 h6 26. Rc2 Qb6 27. Be2 Rc7 28. Qd4 Qxd4 29. Rxd4 Rec8 30. Ng3 Bd7 31. Rxc7 Rxc7 32. Bd1 Kf8 33. Kf2 Ke7 34. Ne2 b6 35. g4 g5 36. Rd2 Rc8 37. Bc2 Rh8 38. b4 Be6 39. Nd4 Rc8 40. Bd3 Bd7 41. a4 Rc3 42. Bb5 a5 43. bxa5 bxa5 44. Rb2 Ra3 45. Ke2 Ra1 46. Rc2 Rh1 47. Rc7 Rxh3 48. Ra7 h5 49. gxh5 Rxh5 50. Kd3 Rh3 51. Rxa5 g4 52. Bxd7 Nxd7 53. Rxd5 gxf3 54. Rf5 f2 55. a5 Rh5 56. Rxf2 Kd6 57. a6 Ra5 58. a7 Ne5+ 59. Ke4 Nd7 60. Rxf7 Rxa7 61. Kf4 Ra1 62. Nf5+ Kc6 63. e4 Rf1+ 64. Ke3 Re1+ 65. Kd4 Rd1+ 66. Kc3 Ne5 67. Re7 Nf3 68. e5 Nxe5 69. Rxe5 Rc1+ 70. Kd4 Rd1+ 71. Ke4 Re1+ 72. Ne3 Rh1 73. Re6+ Kc5 74. Re8 Rh7 75. Rc8+ Kb5 76. Nc4 Kb4 77. Nd6 Rh4+ 78. Kd5 Kb3 79. Ne4 Rh7 80. Rb8+ Kc2 81. Kc4 Rc7+ 82. Nc5 Rh7 83. Re8 Rh4+ 84. Ne4 Rf4 85. Kd4 Rh4 86. Rb8 Rg4 87. Rc8+ Kb3 88. Kd3 Kb4 89. Rb8+ Ka5 90. Kd4 Rh4 91. Kd5 Rh5+ 92. Kc6 Rh6+ 93. Nd6 Ka4 94. Rb1 Ka3 95. Kc5 Ka2 96. Rb6 Rh5+ 97. Kb4 Kb2 98. Nc4+ Kc2 99. Rd6 Rh4 100. Rd2+ Kc1 101. Rd3 Kc2 102. Re3 Rf4 103. Rc3+ Kd1 104. Kb3 Ke2 105. Rc2+ 1/2-1/2

[Event "Coventry International"]
[Site "Coventry"]
[Date "2025.10.31"]
[Round "9.5"]
[White "Gormally, Daniel W"]
[Black "Willow, Jonah B"]
[Result "1-0"]
[WhiteElo "2396"]
[BlackElo "2472"]
[PlyCount "83"]
[EventDate "2025.10.26"]
[EventType "swiss"]
[EventRounds "9"]
[EventCountry "ENG"]
[SourceTitle "BritBase"]
[Source "John Saunders"]
[SourceDate "2025.10.31"]
[SourceVersion "1"]
[SourceVersionDate "2025.10.31"]
[SourceQuality "1"]

1. e4 c5 2. Nf3 Nc6 3. Bb5 d6 4. O-O Bd7 5. Re1 Nf6 6. c3 a6 7. Bf1 Bg4 8. d4 cxd4 9. cxd4 d5 10. e5 Nd7 11. e6 fxe6 12. Nc3 g6 13. Be2 Bg7 14. Ng5 Bxe2 15. Nxe2 Nf8 16. Nf4 Nxd4 17. Be3 Nf5 18. Nfxe6 Nxe6 19. Nxe6 Qd7 20. Bg5 Bxb2 21. g4 h6 22. gxf5 hxg5 23. Rb1 Bc3 24. Re3 gxf5 25. Qd3 Qd6 26. Qxc3 Rh4 27. Ng7+ Kf8 28. Nxf5 Qxh2+ 29. Kf1 d4 30. Qa3 Qc7 31. Rh3 Qc4+ 32. Kg1 Rg4+ 33. Ng3 Rh4 34. Nf5 Rg4+ 35. Kh1 Qd5+ 36. Rf3 Qe5 37. Nxe7+ Kg7 38. Nf5+ Kf7 39. Rxb7+ Kg6 40. Rb6+ Kh7 41. Rh3+ Kg8 42. Nh6+ 1-0

[Event "Coventry International"]
[Site "Coventry"]
[Date "2025.10.31"]
[Round "9.6"]
[White "Jackson, James P"]
[Black "Kovchan, Alexander"]
[Result "0-1"]
[WhiteElo "2365"]
[BlackElo "2444"]
[PlyCount "144"]
[EventDate "2025.10.26"]
[EventType "swiss"]
[EventRounds "9"]
[EventCountry "ENG"]
[SourceTitle "BritBase"]
[Source "John Saunders"]
[SourceDate "2025.10.31"]
[SourceVersion "1"]
[SourceVersionDate "2025.10.31"]
[SourceQuality "1"]

1. d4 d6 2. e4 Nf6 3. Nc3 g6 4. Bg5 Bg7 5. e5 Nfd7 6. exd6 cxd6 7. Qd2 h6 8. Be3 a6 9. a4 b6 10. Nf3 Bb7 11. Be2 e6 12. h3 Nf6 13. O-O Nbd7 14. Rfd1 Qe7 15. Re1 Rc8 16. Bf4 g5 17. Bh2 O-O 18. d5 e5 19. Ra3 Qd8 20. Bd3 Rc5 21. b4 Rc7 22. Bf5 Qa8 23. Nxg5 hxg5 24. Qxg5 Qd8 25. Nb5 Nxd5 26. Qxd8 Rxd8 27. Nxc7 Nxc7 28. Rd3 d5 29. Bxd7 Rxd7 30. Bxe5 Bxe5 31. Rxe5 Ne6 32. Rg3+ Kf8 33. h4 Bc6 34. a5 bxa5 35. bxa5 Ba4 36. c3 Bc2 37. Rg4 Ke7 38. Rb4 Bd3 39. Re3 Bb5 40. Rf4 Rd8 41. h5 Rg8 42. Rf5 Bc6 43. f3 f6 44. Rf4 Kf7 45. Rb4 Bb5 46. Kf2 Nc5 47. Rd4 Bc4 48. g4 Ne6 49. Rd1 f5 50. Re5 fxg4 51. fxg4 Rxg4 52. Rdxd5 Bxd5 53. Rxd5 Ke7 54. Ke3 Rh4 55. Kd2 Nf4 56. Re5+ Kd6 57. Rf5 Rh2+ 58. Kd1 Nxh5 59. c4 Ng7 60. c5+ Ke7 61. Rd5 Rh6 62. Kd2 Ne8 63. Rg5 Kd7 64. Kd3 Kc6 65. Rg8 Nc7 66. Rb8 Kxc5 67. Rb7 Nb5 68. Ke3 Kb4 69. Rb6 Rxb6 70. axb6 Nd6 71. Kd4 Kb5 72. Kd5 Nb7 0-1

[Event "Coventry International"]
[Site "Coventry"]
[Date "2025.10.31"]
[Round "9.7"]
[White "Verma, Aditya"]
[Black "Vijayakumar, Rishi"]
[Result "1/2-1/2"]
[WhiteElo "2164"]
[BlackElo "2300"]
[PlyCount "56"]
[EventDate "2025.10.26"]
[EventType "swiss"]
[EventRounds "9"]
[EventCountry "ENG"]
[SourceTitle "BritBase"]
[Source "John Saunders"]
[SourceDate "2025.10.31"]
[SourceVersion "1"]
[SourceVersionDate "2025.10.31"]
[SourceQuality "1"]

1. e4 e5 2. Nf3 Nc6 3. Bc4 Nf6 4. d3 Bc5 5. c3 d6 6. a4 a5 7. O-O h6 8. h3 O-O 9. Re1 Be6 10. Bxe6 fxe6 11. Be3 Bxe3 12. Rxe3 Qe8 13. Qb3 Nh5 14. Kh2 Nf4 15. Nbd2 b6 16. g3 Nh5 17. Rc1 Rc8 18. Qb5 Rf7 19. Kg2 g6 20. Qb3 Qd7 21. d4 Rcf8 22. Rf1 exd4 23. cxd4 Nf6 24. e5 Nd5 25. Re4 dxe5 26. Nxe5 Nxe5 27. Rxe5 Qc6 28. Kg1 Rf5 1/2-1/2

[Event "Coventry International"]
[Site "Coventry"]
[Date "2025.10.31"]
[Round "9.8"]
[White "Hanache, Kai"]
[Black "Kanyamarala, Trisha"]
[Result "0-1"]
[WhiteElo "2122"]
[BlackElo "2149"]
[PlyCount "122"]
[EventDate "2025.10.26"]
[EventType "swiss"]
[EventRounds "9"]
[EventCountry "ENG"]
[SourceTitle "BritBase"]
[Source "John Saunders"]
[SourceDate "2025.10.31"]
[SourceVersion "1"]
[SourceVersionDate "2025.10.31"]
[SourceQuality "1"]

1. e4 c5 2. Nf3 e6 3. d4 cxd4 4. Nxd4 Nc6 5. Nb5 d6 6. c4 Nf6 7. N1c3 a6 8. Nd4 Be7 9. Be2 O-O 10. Nc2 b6 11. O-O Bb7 12. Bf4 Rc8 13. Re1 Na5 14. Ne3 Nxe4 15. Nxe4 Bxe4 16. Bd3 Bxd3 17. Qxd3 Qc7 18. b3 Nc6 19. Rad1 Rcd8 20. Rd2 Ne5 21. Qc3 Ng6 22. Bg3 f5 23. f4 d5 24. Nc2 dxc4 25. Rde2 b5 26. bxc4 bxc4 27. Rxe6 Rd3 28. Qb2 Bf6 29. Qc1 Bc3 30. R1e2 Qd7 31. Ne1 Bxe1 32. Rxe1 Qd5 33. R6e2 c3 34. Qc2 h5 35. Rf1 Rd2 36. Rxd2 cxd2 37. Rd1 Rd8 38. Qb3 Qxb3 39. axb3 Rc8 40. Kf1 Rc1 41. Ke2 h4 42. Bf2 Nxf4+ 43. Kxd2 Rxd1+ 44. Kxd1 Nxg2 45. Ke2 Nf4+ 46. Kf3 Ng6 47. Bd4 Kf7 48. h3 Nf8 49. b4 Ne6 50. Be5 g5 51. Bd6 Nf4 52. Bc7 Nxh3 53. Bd8 Kg6 54. Ke3 Nf4 55. Kf3 Nd5 56. Ba5 g4+ 57. Kg2 f4 58. Kf2 h3 59. Kg1 g3 60. Kh1 f3 61. b5 f2 0-1

[Event "Coventry International"]
[Site "Coventry"]
[Date "2025.10.31"]
[Round "9.9"]
[White "Vaidyanathan, Adithya"]
[Black "Zhang, Junyi"]
[Result "1/2-1/2"]
[WhiteElo "2129"]
[BlackElo "2058"]
[PlyCount "40"]
[EventDate "2025.10.26"]
[EventType "swiss"]
[EventRounds "9"]
[EventCountry "ENG"]
[SourceTitle "BritBase"]
[Source "John Saunders"]
[SourceDate "2025.10.31"]
[SourceVersion "1"]
[SourceVersionDate "2025.10.31"]
[SourceQuality "1"]

1. d4 Nf6 2. c4 e6 3. Nc3 Bb4 4. e3 O-O 5. Bd3 d5 6. Nf3 dxc4 7. Bxc4 c5 8. O-O cxd4 9. exd4 b6 10. Qe2 Bb7 11. Rd1 Nbd7 12. Bg5 h6 13. Bh4 Be7 14. Rac1 Rc8 15. Ne5 Nxe5 16. dxe5 Nd5 17. Bxd5 exd5 18. Bxe7 Qxe7 19. f4 Qb4 20. Qf2 Rc4 1/2-1/2

[Event "Coventry International"]
[Site "Coventry"]
[Date "2025.10.31"]
[Round "9.10"]
[White "Shearsby, Jude"]
[Black "Luk, Danbe"]
[Result "1/2-1/2"]
[WhiteElo "2330"]
[BlackElo "2131"]
[PlyCount "91"]
[EventDate "2025.10.26"]
[EventType "swiss"]
[EventRounds "9"]
[EventCountry "ENG"]
[SourceTitle "BritBase"]
[Source "John Saunders"]
[SourceDate "2025.10.31"]
[SourceVersion "1"]
[SourceVersionDate "2025.10.31"]
[SourceQuality "1"]

1. e4 c5 2. Nc3 e6 3. Nge2 Nc6 4. g3 Nf6 5. Bg2 Be7 6. O-O O-O 7. h3 d5 8. exd5 exd5 9. d4 cxd4 10. Nxd4 Qb6 11. Nce2 Re8 12. c3 Bc5 13. Nb3 Bd6 14. Nf4 a6 15. Nxd5 Nxd5 16. Bxd5 Qc7 17. Kh2 Bf5 18. Qf3 g6 19. Be3 Rad8 20. Nd4 Ne5 21. Qg2 Bc8 22. Bg5 Be7 23. Bf4 Bd6 24. Rae1 Nd3 25. Bxd6 Qxd6 26. Rxe8+ Rxe8 27. Bxb7 Nxb2 28. Qc6 Qxc6 29. Bxc6 Re5 30. Bf3 Rc5 31. Rb1 Nd3 32. Rb3 Nxf2 33. g4 a5 34. Rb5 Rxb5 35. Nxb5 Be6 36. a3 g5 37. Nd4 Nd3 38. Kg3 Ne5 39. Nxe6 fxe6 40. Be2 Kf7 41. Kf2 Ke7 42. Ke3 Kd6 43. Ke4 Ng6 44. Bf1 Kc5 45. a4 h6 46. Ba6 1/2-1/2

[Event "Coventry International"]
[Site "Coventry"]
[Date "2025.10.31"]
[Round "9.11"]
[White "Balaji, Aaravamudhan"]
[Black "Okhai, Shabir"]
[Result "1-0"]
[WhiteElo "2288"]
[BlackElo "2069"]
[PlyCount "157"]
[EventDate "2025.10.26"]
[EventType "swiss"]
[EventRounds "9"]
[EventCountry "ENG"]
[SourceTitle "BritBase"]
[Source "John Saunders"]
[SourceDate "2025.10.31"]
[SourceVersion "1"]
[SourceVersionDate "2025.10.31"]
[SourceQuality "1"]

1. d4 d5 2. c4 e6 3. Nc3 h6 4. cxd5 exd5 5. Bf4 Nf6 6. e3 Bd6 7. Bxd6 Qxd6 8. Bd3 O-O 9. Qc2 c6 10. Nf3 Re8 11. O-O Nbd7 12. Rad1 Qe7 13. Nd2 Nf8 14. a3 a5 15. Rb1 Bd7 16. Na4 Ne6 17. Nb6 Ra7 18. b4 axb4 19. axb4 Qd8 20. Nxd7 Qxd7 21. b5 Rc8 22. bxc6 bxc6 23. Rfc1 Rac7 24. Nb3 Qe7 25. Qc3 c5 26. Nxc5 Nxc5 27. dxc5 Ne4 28. Bxe4 dxe4 29. Rb5 Qd7 30. Qb4 Qd3 31. h3 Kh7 32. Kh2 f5 33. c6 Rxc6 34. Rxc6 Rxc6 35. Rxf5 Qc4 36. Qb7 Rc7 37. Qa8 Rc8 38. Qb7 Qc7+ 39. Qxc7 Rxc7 40. Re5 Rc4 41. h4 Kg6 42. g4 Ra4 43. Rf5 Ra7 44. Re5 Ra4 45. Kg3 Rb4 46. Rf5 Rb7 47. h5+ Kh7 48. Re5 Rb4 49. Re7 Ra4 50. Rf7 Ra8 51. Rf4 Re8 52. Kg2 Re7 53. Rf5 Ra7 54. Kf1 g6 55. Re5 gxh5 56. gxh5 Ra4 57. Re7+ Kg8 58. Re6 Kh7 59. Kg2 Ra5 60. Re7+ Kg8 61. Rxe4 Rxh5 62. Kg3 Kg7 63. Rh4 Ra5 64. e4 h5 65. Kf4 Kg6 66. Rh1 Rg5 67. f3 Ra5 68. Rg1+ Kf6 69. Rg8 Rb5 70. Rf8+ Kg6 71. Ra8 Rb3 72. Ra6+ Kg7 73. Ra7+ Kg6 74. Ra6+ Kg7 75. e5 h4 76. Ra7+ Kg6 77. Kg4 h3 78. Ra2 Rb1 79. Ra6+ 1-0

[Event "Coventry International"]
[Site "Coventry"]
[Date "2025.10.31"]
[Round "9.12"]
[White "Roberts, Paul E"]
[Black "Berry, Neil"]
[Result "1/2-1/2"]
[WhiteElo "2098"]
[BlackElo "2266"]
[PlyCount "29"]
[EventDate "2025.10.26"]
[EventType "swiss"]
[EventRounds "9"]
[EventCountry "ENG"]
[SourceTitle "BritBase"]
[Source "John Saunders"]
[SourceDate "2025.10.31"]
[SourceVersion "1"]
[SourceVersionDate "2025.10.31"]
[SourceQuality "1"]

1. c4 e6 2. Nc3 d5 3. d4 Be7 4. Nf3 Nf6 5. Bg5 h6 6. Bxf6 Bxf6 7. e3 O-O 8. Rc1 dxc4 9. Bxc4 Nd7 10. O-O c5 11. Ne4 cxd4 12. Nxf6+ Nxf6 13. Qxd4 Qxd4 14. Nxd4 Bd7 15. Rfd1 1/2-1/2

[Event "Coventry International"]
[Site "Coventry"]
[Date "2025.10.31"]
[Round "9.13"]
[White "Verbytski, Oleg"]
[Black "Navrotescu, Andreea-Cristiana"]
[Result "0-1"]
[WhiteElo "2092"]
[BlackElo "2257"]
[PlyCount "80"]
[EventDate "2025.10.26"]
[EventType "swiss"]
[EventRounds "9"]
[EventCountry "ENG"]
[SourceTitle "BritBase"]
[Source "John Saunders"]
[SourceDate "2025.10.31"]
[SourceVersion "1"]
[SourceVersionDate "2025.10.31"]
[SourceQuality "1"]

1. e4 c5 2. Nf3 Nc6 3. d4 cxd4 4. Nxd4 Nf6 5. Nc3 e5 6. Ndb5 d6 7. Bg5 a6 8. Na3 b5 9. Nd5 Be7 10. Bxf6 Bxf6 11. c3 Rb8 12. Nc2 Bg5 13. g3 O-O 14. h4 Bh6 15. Bh3 Be6 16. Ncb4 Nxb4 17. Nxb4 Qb6 18. Qd3 Bc4 19. Qf3 f5 20. exf5 a5 21. Nc2 e4 22. Qd1 Bd3 23. Nd4 b4 24. f4 bxc3 25. bxc3 Qb2 26. Qc1 g6 27. fxg6 Bg7 28. Qxb2 Rxb2 29. Rc1 Rfb8 30. Be6+ Kh8 31. Bb3 Rc8 32. Nc2 Bxc3+ 33. Kd1 e3 34. Rh2 Be4 35. Be6 Bf3+ 36. Re2 Rc5 37. f5 hxg6 38. fxg6 Bd2 39. h5 Rxh5 40. Ne1 Bxe2+ 0-1